Central and Eastern European Property Investment Market View (Record no. 107978)

MARC details
000 -LEADER
fixed length control field 01342cad a22002295a 4500
001 - CONTROL NUMBER
control field L142800
008 - FIXED-LENGTH DATA ELEMENTS--GENERAL INFORMATION
fixed length control field 080221s2007 xxkad f s 000 0 eng d
035 ## - SYSTEM CONTROL NUMBER
System control number (Sirsi) u142800
041 0# - LANGUAGE CODE
Language code of text/sound track or separate title eng
050 04 - LIBRARY OF CONGRESS CALL NUMBER
Classification number 333.33 $2 18
110 2# - MAIN ENTRY--CORPORATE NAME
Corporate name or jurisdiction name as entry element CB Richard Ellis
9 (RLIN) 3675
245 00 - TITLE STATEMENT
Title Central and Eastern European Property Investment Market View
Remainder of title year end 2007
Medium [electronic resource]
260 ## - PUBLICATION, DISTRIBUTION, ETC.
Place of publication, distribution, etc. [S.l.]
Name of publisher, distributor, etc. CBRE
Date of publication, distribution, etc. 2007
490 #0 - SERIES STATEMENT
Series statement CB Richard Ellis Central and Eastern European Property Investment Market View
Volume/sequential designation year end 2007
520 ## - SUMMARY, ETC.
Summary, etc. Reports that overall investment volume in Central and Eastern Europe was a record €14.2 billion in 2007; up another €1.5 billion on 2006. Reports that Poland remains the largest market, followed by the Czech Republic, with Russia catching up. Russia had the highest investment volume in 2007. Most money invested in real estate is going into offices and retail (82%). The office sector represented 38% of the total volume. There was a further yield compression in the investment market in 2007.
590 ## - LOCAL NOTE (RLIN)
Local note KA
650 24 - SUBJECT ADDED ENTRY--TOPICAL TERM
Topical term or geographic name entry element CB RICHARD ELLIS CENTRAL AND EASTERN EUROPEAN PROPERTY INVESTMENT MARKET VIEW
651 #4 - SUBJECT ADDED ENTRY--GEOGRAPHIC NAME
Geographic name Europe
690 ## - LOCAL SUBJECT ADDED ENTRY--TOPICAL TERM (OCLC, RLIN)
Topical term or geographic name as entry element PROPERTY-COMMERCIAL PROPERTY-COMMERCIAL PROPERTY MARKET
856 40 - ELECTRONIC LOCATION AND ACCESS
Uniform Resource Identifier <a href="https://www.cbre.co.uk">https://www.cbre.co.uk</a>
Public note View the report free of charge at www.cbre.co.uk...
942 ## - ADDED ENTRY ELEMENTS (KOHA)
Suppress in OPAC 0
Holdings
Withdrawn status Lost status Source of classification or shelving scheme Damaged status Not for loan Home library Current library Shelving location Date acquired Total Checkouts Full call number Barcode Date last seen Copy number Price effective from Koha item type
    Dewey Decimal Classification     Virtual Virtual Online 11/03/2008   ONLINE PUBLICATION 142800-1001 06/08/2019 1 06/08/2019 Book